| 000 | 01401cab a2200277 4500 | ||
|---|---|---|---|
| 001 | ##L135640 | ||
| 008 | 061121n2006 000 0 eng u | ||
| 035 | _a(Sirsi) u135640 | ||
| 041 | 0 | _aeng | |
| 110 | 2 |
_aRoyal Institution of Chartered Surveyors _94900 |
|
| 245 | 0 | 0 |
_aRICS view _bQueen's speech 2006 |
| 260 | _c2006 | ||
| 490 | 0 |
_aRICS Feature _v15 November 2006 |
|
| 520 | _aThe Queen's Speech has set out the government legislative agenda until November 2007, with 26 bills, four draft bills and three new white papers. Comments on the following six bills and two white papers specifically affecting the surveying profession: Consumers, Estate Agents and Redress Bill; Climate Change Bill; Tribunals, Courts and Enforcement Bill; Local Government Bill; Greater London Authority Bill; Draft Road Transport Bill; planning reform white paper; and energy white paper. | ||
| 590 | _aKA | ||
| 650 | 2 | 4 | _aCONSUMERS, ESTATE AGENTS AND REDRESS BILL 2006 |
| 650 | 2 | 4 | _aCLIMATE CHANGE BILL 2006 |
| 650 | 2 | 4 | _aTRIBUNALS, COURTS AND ENFORCEMENT BILL 2006 |
| 650 | 2 | 4 | _aLOCAL GOVERNMENT BILL 2006 |
| 650 | 2 | 4 | _aGREATER LONDON AUTHORITY BILL 2006 |
| 650 | 2 | 4 | _aROAD TRANSPORT BILL 2006 |
| 651 | 4 |
_aUnited Kingdom _y |
|
| 690 | _aBUILT ENVIRONMENT | ||
| 856 | 4 | 0 |
_uhttps://www.rics.org/RICSWEB/getpage.aspx?p=YXQ2lmeZ7UqNMZwRmd8leg _zView the item free of charge at www.rics.org... |
| 942 | _n0 | ||
| 999 |
_c77959 _d77959 |
||